1491 1212 1452 1310 1848 1112 1148 1045 1328 1920 1928 1172 1214 1635 1034 1383 1283 1867 1420 1703 1633 1463 1089 1567 1169 1015 1650 1696 1025 1311 1932 1586 1290 1950 1630 1977 1467 1042 1947 1974 1096 1213 1176 1610 1240 1262 1616 1386 1300 1615 1988 1192 1030 1010 1845 1093 1974 1687 1215 1351 1218 1627 1461 1740 1348 1692 1947 1789 1118 1955 1784 1905 1355 1906 1889 1025 1870 1941 1665 1092 1035 1348 1668 1960 1937 1750 1962 1477 1247 1887 1640 1242 1564 1841 1865 1242 1718 1882 1727 BCNSPRNW ULIB Ver.6.0+V

เปลี่ยนเป็นภาษาไทย

Change to English
 แสดงรายละเอียดบรรณานุกรม
  กลับหน้าหลัก

Brief Record : Get Marc (ISO 2709) : E-mail record : QR code < ปิดหน้าต่าง
LEADER : 00000nam 2200000uu 4500
001    13399124506
003     ULIB
008    150817s2556 th a 000 0 tha d
020    9789749804254
020    9789749804252
090    นว.^bล158ฤ ล.6
100    ล่อร่า อิงกัลล์ส์ ไวล์เดอร์;^eผู้แต่ง
245    ฤดูหนาวอันแสนนาน/^cล่อร่า อิงกัลล์ส์ ไวล์เดอร์. ; เขียน ,สุคนธรส. ; แปล
250    พิมพ์ครั้งที่ 8
260    กรุงเทพฯ :^bแพรวเยาวชน,^c2556
300    335 หน้า;^b18.5 ซม.
500    หนังสือชุดบ้านเล็ก
700    สุคนธรส ;^eแปล
945    ^p235^l0^i039777
999    ^aทศพร
รายการนี้ยังไม่มีแท็ก
คุณยังไม่ได้ล็อกอิน คุณสามารถมีกิจกรรมร่วมกับเว็บไซต์ได้ แต่ต้องล็อกอินก่อน ::
  ล็อกอิน

รายการสื่อสารสนเทศ

ลำดับที่ ประเภท เลขเรียก/บาร์โค้ด สถานที่ สถานะ
1. นวนิยาย
นวนิยาย
นว. ล158ฤ ล.6 ฉ.1 
  Barcode: 039777
ห้องสมุดวิทยาเขตสวรรค์ประชารักษ์
►นวนิยาย
บนชั้น
  ขอยืม

BibComment


ยังไม่เคยถูกคอมเมนท์

คอมเมนท์ทรัพยากรรายการนี้
  คอมเมนท์: ฤดูหนาวอันแสนนาน ..


 Copyright 2026. Bcnsprnw @Library